LEADER 01515nam a2200253 i 4500 001 000000027675 003 CaOOAMICUS 005 20230417142413.0 008 180830s1726 fr u000 u fre u 040 $aSeMil$bita 100 1 $aLe Courayer, Pierre-François,$d<1681-1776>.$0(OLS)http://semarc/name/12573 245 10$aDéfense de la dissertation sur la validité des ordinations des anglois. Contre les differentes réponses qui y ont été faites. Avec les preuves justificatives des faits avancez dans cet ouvrage. Par l'Auteur de la dissertation. Tome 1. [-2.]. 264 1$aA Bruxelles :$bChez Simon T'Serstevens : près les RR. PP. Dominicains,$c1726. 300 $a4 v. ;$c12°. 650 4$aChiesa Anglicana.$0(OLS)http://semarc/subject/4457 650 4$aOrdine (Sacramento).$0(OLS)http://semarc/subject/4458 700 1 $at'Serstevens, Simon,$c.$0(OLS)http://semarc/name/12574 774 0 $tTome 1. Part 1.$g1$w()48741 774 0 $tTome 1. Part 2.$g1$w()217069 774 0 $tTome 2. Part 2.$g2$w()217070 774 0 $tTome 2. Part 1.$g2$w()217071 996 $6245$aDéfense de la dissertation sur la validité des ordinations des anglois. Contre les differentes réponses qui y ont été faites. Avec les preuves justificatives des faits avancez dans cet ouvrage. Par l'Auteur de la dissertation. Tome 1. [-2.]$9(OLS)http://semarc/title/37482 996 $6264$aA Bruxelles :$bChez Simon T'Serstevens : près les RR. PP. Dominicains$9(OLS)http://semarc/publisher/37404 LEADER 01066nam a2200217 i 4500 001 000000246793 003 CaOOAMICUS 005 20151125000000.0 008 151125s1917 it u000 u ita u 013 $a225698 040 $aSeMil$bita 100 1 $aAmelli, Ambrogio M.,$d<1848-1933>.$0(OLS)http://semarc/name/15119 245 10$aCassiodoro e la Volgata :$bterza conferenza tenuta a S. Callisto in Roma il 14 maggio 1917 /$cd. Ambrogio M. Amelli. 260 $aGrottaferrata :$bTipografia italo-orientale S. Nilo,$c1917. 300 $a52 p., [1] c. di tav. :$bill. ;$c25 cm. 600 04$aCassiodoro, Flavio Magno Aurelio .$0(OLS)http://semarc/subject/4577 773 0 $t[A. Amelli.$w()32844 850 $aSeMil 852 $aSeMil$W1$xVenegono$y1$m3G VII 5/15 FA$j197139$B197139$CSeMilBibl$Z2$F208160 $8I 996 $6245$aCassiodoro e la Volgata :$bterza conferenza tenuta a S. Callisto in Roma il 14 maggio 1917$9(OLS)http://semarc/title/348623 996 $6260$aGrottaferrata :$bTipografia italo-orientale S. Nilo$9(OLS)http://semarc/publisher/55111